[Event "Olomouc Chess Summer 2024 - D1"]
[Site "Olomouc (CZE), Hotel Flora"]
[Date "2024.08.15"]
[Round "7"]
[Board "3"]
[White "Bednar, Jan"]
[Black "Simecek, Bohumil"]
[Result "1-0"]
[WhiteElo "1972"]
[BlackElo "1980"]
[PlyCount "0"]
[EventDate "2024.08.10"]
[EventRounds "9"]
[EventCountry "CZE"]

1. Nf3 Nf6 2. c4 g6 3. g3 Bg7 4. Bg2 O-O 5. O-O d6 6. Nc3 e5 7. d3 Nc6 8. Rb1 Be6
9. b4 Qc8 10. b5 Ne7 11. Ba3 Ne8 12. c5 Bh3 13. cxd6 cxd6 14. Rc1 Bxg2 15. Kxg2 Qd7
16. d4 exd4 17. Nxd4 Nf6 18. Qd3 d5 19. Rfd1 Rfd8 20. e3 Rac8 21. Nb3 Qe8 22. Bc5
b6 23. Bxe7 Qxe7 24. Nd4 Qa3 25. Nc6 Rd7 26. Nxd5 Qxd3 27. Nce7+ Rxe7 28. Rxc8+  1-0

[Event "Olomouc Chess Summer 2024 - D1"]
[Site "Olomouc (CZE), Hotel Flora"]
[Date "2024.08.15"]
[Round "7"]
[Board "4"]
[White "Boleslav, Petr"]
[Black "Krejci, Jan"]
[Result "0-1"]
[WhiteElo "1974"]
[BlackElo "2061"]
[PlyCount "0"]
[EventDate "2024.08.10"]
[EventRounds "9"]
[EventCountry "CZE"]

1. e4 e5 2. Nf3 Nf6 3. Nxe5 d6 4. Nc4 Nxe4 5. Qe2 Qe7 6. Nc3 Nxc3 7. bxc3 b6 8. d4
Bb7 9. a4 Qxe2+ 10. Kxe2 Nc6 11. f3 g6 12. Kf2 Bg7 13. Ne3 O-O 14. Bd3 a5 15. Bd2
f5 16. Rab1 Ne7 17. Bc4+ Kh8 18. Rhe1 Bf6 19. Be6 f4 20. Nf1 Bh4+ 21. Kg1 Bxe1 22.
Rxe1 Bc6 23. c4 Kg7 24. d5 Be8 25. Bc3+ Kh6 26. g4 g5 27. Nd2 Ng6 28. h4 Nxh4 29.
Kf2 Bxa4 30. Ne4 Bxc2 31. Nf6 Kg6 32. Nh5 Rae8 33. Bd4 Re7 34. Rc1 Ba4 35. Bb2 Rfe8
36. Nf6 Rxe6 37. dxe6 Rxe6 38. Nd5 Bc6 39. Nxc7 Re3 40. Rd1 Bxf3 41. Rxd6+ Kf7 42.
Rf6+ Ke7 43. Rxb6 Kd7 44. Nd5 Bxd5 45. cxd5 Rd3 46. Bc1 Rxd5 47. Rb7+ Ke6 48. Rxh7
Ke5 49. Bb2+ Ke4 50. Re7+ Kd3 51. Re6 Kc2 52. Bf6 Rd2 53. Kf1 Nf3 54. Rc6+ Kd1 55.
Rc5 a4 56. Bxg5 Nxg5 57. Rxg5 a3 58. Ra5 a2 59. g5 Kc1 60. g6 Kb2 61. g7 Rd8 62.
Rb5+ Kc3 63. Ra5 Kb3 64. Ra7 Rb8 65. Rb7+ Kc2 66. Ra7 Kb2  0-1

[Event "Olomouc Chess Summer 2024 - D1"]
[Site "Olomouc (CZE), Hotel Flora"]
[Date "2024.08.16"]
[Round "8"]
[Board "1"]
[White "Bartos, Jan"]
[Black "Bednar, Jan"]
[Result "1/2-1/2"]
[WhiteElo "2072"]
[BlackElo "1972"]
[PlyCount "0"]
[EventDate "2024.08.10"]
[EventRounds "9"]
[EventCountry "CZE"]

1. Nf3 Nf6 2. c4 e6 3. g3 d5 4. Bg2 dxc4 5. Qa4+ c6 6. Qxc4 Nbd7 7. O-O Be7 8. d4
O-O 9. Qc2 c5 10. Rd1 cxd4 11. Nxd4 a6 12. Nb3 a5 13. Bf4 a4 14. Nc1 Qa5 15. Nd3
Nc5 16. Nxc5 Qxc5 17. Qxc5 Bxc5 18. Nc3 e5 19. Bg5 a3 20. bxa3 Ng4  1/2-1/2

[Event "Olomouc Chess Summer 2024 - D1"]
[Site "Olomouc (CZE), Hotel Flora"]
[Date "2024.08.16"]
[Round "8"]
[Board "2"]
[White "Krejci, Jan"]
[Black "Vecera, Pavel"]
[Result "0-1"]
[WhiteElo "2061"]
[BlackElo "2044"]
[PlyCount "0"]
[EventDate "2024.08.10"]
[EventRounds "9"]
[EventCountry "CZE"]

1. Nf3 Nf6 2. c4 e6 3. g3 d5 4. d4 Be7 5. Bg2 O-O 6. O-O b6 7. Nc3 Bb7 8. Ne5 Qc8
9. cxd5 exd5 10. Bf4 Qe6 11. Rc1 Na6 12. Qa4 c5 13. Nb5 Nh5 14. Be3 Rfc8 15. Bf3
Nf6 16. Bf4 Ne4 17. Rfd1 f6 18. Bg4 f5 19. Bh3 g5 20. Be3 g4 21. Bg2 Bf6 22. Bf4
Qe8 23. Qb3 c4 24. Qa4 Nc7 25. Nc3 Qxa4 26. Nxa4 Ne6 27. Nc3 Nxf4 28. gxf4 Nxc3 29.
bxc3 Rc7 30. Rb1 Rd8 31. e3 Rg7 32. Rd2 Rd6 33. Rdb2 Bd8 34. a4 a6 35. Kf1 Rh6 36.
Kg1 Rd6 37. Kh1 h5 38. Rg1 Bc8 39. Bf1 Bd7 40. Ra2 Be8 41. Be2 Kf8 42. Bd1 Rf6 43.
Kg2 Ke7 44. Kf1 Ke6 45. f3 Rf8 46. Rag2 Rfg8 47. Bc2 Bf6 48. e4 dxe4 49. fxe4 fxe4
50. Ke2 Bxe5 51. dxe5 Bc6 52. Ke3 Kf5 53. Rd1 Rg6 54. Rd4 g3 55. h3 b5 56. axb5 axb5
57. Bxe4+ Bxe4 58. Rxe4 Rd8 59. Rd4 Rxd4 60. cxd4 b4 61. d5 b3 62. Kd2 Kxf4 63. e6
Rg5 64. Kc3 Rxd5 65. Re2 Rd8  0-1

[Event "Olomouc Chess Summer 2024 - D1"]
[Site "Olomouc (CZE), Hotel Flora"]
[Date "2024.08.16"]
[Round "8"]
[Board "3"]
[White "Kastner, Oldrich"]
[Black "Malinovsky, Petr"]
[Result "1/2-1/2"]
[WhiteElo "1986"]
[BlackElo "1945"]
[PlyCount "0"]
[EventDate "2024.08.10"]
[EventRounds "9"]
[EventCountry "CZE"]

1. d4 d5 2. Bf4 e6 3. e3 c5 4. c3 Nc6 5. Nf3 Bd6 6. Bg3 Bxg3 7. hxg3 Qd6 8. Nbd2
Nf6 9. Bd3 e5 10. dxe5 Nxe5 11. Nxe5 Qxe5 12. Qa4+ Bd7 13. Qf4 Qxf4 14. gxf4 O-O-O
15. Nf3 h6 16. Ne5 Rhf8 17. f3 Ng8 18. g4 f6 19. Nxd7 Kxd7 20. Bb5+ Kc7 21. Rd1 Ne7
22. Rh2 Rd6 23. Rhd2 Rfd8 24. Kf2 Ng6 25. Kg3 Ne7 26. a3 a6 27. Ba4 b5 28. Bc2 Nc6
29. b4 cxb4 30. axb4 a5 31. bxa5 Nxa5 32. Bd3  1/2-1/2

[Event "Olomouc Chess Summer 2024 - D1"]
[Site "Olomouc (CZE), Hotel Flora"]
[Date "2024.08.16"]
[Round "8"]
[Board "4"]
[White "Kolesar, Milan"]
[Black "Heller, Jan"]
[Result "1/2-1/2"]
[WhiteElo "2110"]
[BlackElo "1929"]
[PlyCount "0"]
[EventDate "2024.08.10"]
[EventRounds "9"]
[EventCountry "CZE"]

1. Nf3 Nf6 2. c4 g6 3. g3 Bg7 4. Bg2 O-O 5. d4 d6 6. O-O Nbd7 7. Nc3 e5 8. e4 c6
9. b3 a6 10. a4 b5 11. axb5 cxb5 12. Nxb5 Nxe4 13. Nd2 Bb7 14. Nxe4 axb5 15. Bg5
Rxa1 16. Qxa1 Qb6 17. d5 Ra8 18. Qc3 bxc4 19. bxc4 h6 20. Be3 Qc7 21. Qb4 Bf8 22.
Rc1 Rb8 23. Qa4 Kg7 24. Nc3 Nc5 25. Qc2 Ba6 26. Bf1 Bc8 27. Nb5 Qb6 28. Qa2 Bd7 29.
Ra1 Kf6 30. Qa7 Bxb5 31. Qxb6 Rxb6 32. cxb5 Kg7 33. Ra8 Be7 34. Bc4 Rb7 35. Bxc5
dxc5 36. Kf1 Kf6 37. f3 h5 38. Ra6+ Kg7 39. Ke2 Bd8 40. Kd3 Rb6 41. Rxb6 Bxb6 42.
Ke4 Bc7 43. d6 Bxd6 44. Kd5 Bb8 45. b6 f5 46. h3 g5 47. g4 e4 48. fxe4 fxg4 49. hxg4
hxg4 50. Kxc5 Kf6 51. Kd5 g3 52. Bf1 g4 53. Bg2 Bf4 54. b7 Bb8 55. Bh1 Be5 56. Bg2
 1/2-1/2

[Event "Olomouc Chess Summer 2024 - D1"]
[Site "Olomouc (CZE), Hotel Flora"]
[Date "2024.08.17"]
[Round "9"]
[Board "1"]
[White "Malinovsky, Petr"]
[Black "Bartos, Jan"]
[Result "1-0"]
[WhiteElo "1945"]
[BlackElo "2072"]
[PlyCount "0"]
[EventDate "2024.08.10"]
[EventRounds "9"]
[EventCountry "CZE"]

1. d4 d5 2. c4 c6 3. Nf3 Nf6 4. e3 Bf5 5. Nc3 e6 6. Nh4 Bg6 7. Qb3 Qc7 8. Nxg6 hxg6
9. h3 Nbd7 10. Bd3 Be7 11. Bd2 Nb6 12. cxd5 exd5 13. O-O-O a5 14. e4 a4 15. Qc2 dxe4
16. Nxe4 Nbd5 17. Kb1 a3 18. b3 Bb4 19. Nxf6+ gxf6 20. Rhe1+ Kf8 21. Bxb4+  1-0

[Event "Olomouc Chess Summer 2024 - D1"]
[Site "Olomouc (CZE), Hotel Flora"]
[Date "2024.08.17"]
[Round "9"]
[Board "4"]
[White "Pribyl, Rene"]
[Black "Kolesar, Milan"]
[Result "1/2-1/2"]
[WhiteElo "1938"]
[BlackElo "2110"]
[PlyCount "0"]
[EventDate "2024.08.10"]
[EventRounds "9"]
[EventCountry "CZE"]

1. d4 d5 2. c4 c6 3. Nc3 Nf6 4. cxd5 cxd5 5. Bf4 Nc6 6. e3 a6 7. Bd3 Bg4 8. Nge2
e6 9. O-O Be7 10. a3 Bh5 11. Rc1 Bg6 12. b4 O-O 13. h3 Bxd3 14. Qxd3 Nd7 15. Na4
Nb6 16. Nxb6 Qxb6 17. Nc3 Rfc8 18. Rfd1 Qd8 19. Na4 a5 20. b5 Na7 21. b6 Nc6 22.
Bc7 Qe8 23. Nc5 Bxc5 24. Rxc5 a4 25. Qc3 Ne7 26. Rc1 h6 27. Qb4 Kh7 28. Qb5 Qxb5
29. Rxb5 Ra6 30. Rcc5 Rca8 31. f3 Nc8 32. e4 Ne7 33. Kf2 Kg6 34. Ke3 f5 35. Be5 dxe4
36. fxe4 fxe4 37. Kxe4 Nd5 38. Bc7 Nf6+ 39. Ke5 Kf7 40. Rc1 Ra5 41. Rxa5 Rxa5+ 42.
Rc5 Ra6 43. Kd6 Nd5 44. Rb5 Nf6 45. Bd8 Nd5 46. Rxd5 exd5 47. Kc7 Ra5 48. Kxb7 Ke8
49. Bc7 Kd7 50. Be5 g6 51. g4 h5 52. gxh5 gxh5 53. h4 Rb5 54. Bg7 Rb3 55. Bf8 Rb1
56. Bc5 Rb3 57. Bf8 Rb5 58. Bc5 Rb3 59. Bf8 Rb1  1/2-1/2

[Event "Olomouc Chess Summer 2024 - D2"]
[Site "Olomouc (CZE), Hotel Flora"]
[Date "2024.08.10"]
[Round "1"]
[Board "1"]
[White "Oral, Josef"]
[Black "Kisa, Lubomir"]
[Result "0-1"]
[WhiteElo "1831"]
[BlackElo "2188"]
[PlyCount "0"]
[EventDate "2024.08.10"]
[EventRounds "9"]
[EventCountry "CZE"]

1. e4 e5 2. Nf3 Nc6 3. Bc4 Bc5 4. c3 Nf6 5. d3 d6 6. h3 O-O 7. b4 Bb6 8. a4 a5 9.
b5 Ne7 10. Bg5 Ng6 11. Nh4 c6 12. Nxg6 hxg6 13. Qf3 Be6 14. Nd2 d5 15. exd5 cxd5
16. Ba2 Re8 17. O-O Rc8 18. Rfc1 Qe7 19. Kh1 Qc5 20. Bxf6 gxf6 21. Qxf6 Qxf2 22.
Qxf2 Bxf2 23. Nf3 Bg3 24. d4 e4 25. Ng1 Bf4 26. Rc2 Re7 27. Ne2 Be3 28. Rf1 Rec7
29. g4 Kg7 30. Kg2 f5 31. g5 Bxg5 32. Kg3 f4+ 33. Nxf4 Rxc3+ 34. Rxc3 Rxc3+ 35. Kh2
Bxf4+ 36. Kg1 Be3+ 37. Kh1 Rc1 38. Rxc1 Bxc1 39. Kg2 Be3 40. Kg3 Bxd4 41. h4 Be5+
42. Kf2 Kf6 43. Bb1 Kf5 44. Bc2 d4 45. Bd1 Kf4 46. h5 gxh5 47. Bxh5 d3 48. Bg6 e3+
49. Ke1 Bc3+ 50. Kf1 e2+  0-1

[Event "Olomouc Chess Summer 2024 - D2"]
[Site "Olomouc (CZE), Hotel Flora"]
[Date "2024.08.10"]
[Round "1"]
[Board "2"]
[White "Beil, Zdenek"]
[Black "Brousek, Jiri"]
[Result "1/2-1/2"]
[WhiteElo "2185"]
[BlackElo "1822"]
[PlyCount "0"]
[EventDate "2024.08.10"]
[EventRounds "9"]
[EventCountry "CZE"]

1. Nf3 d5 2. c4 c6 3. b3 Nf6 4. g3 Bf5 5. Bg2 e6 6. O-O Nbd7 7. d3 Be7 8. Bb2 O-O
9. Nbd2 h6 10. Rc1 Rc8 11. Rc2 Qa5 12. Qc1 Rfe8 13. a3 Nh7 14. Nd4 Bg6 15. cxd5 exd5
16. Bh3 Rcd8 17. f4 Nhf6 18. b4 Qb6 19. N2b3 Bd6 20. Kh1 a6 21. Nc5 Bxc5 22. bxc5
Qc7 23. Nf3 Bh5 24. Ne5 Nxe5 25. Bxe5 Qe7 26. Bd6 Qe3 27. Be5 Qxc1 28. Rfxc1 Ng4
29. Bd4 Re7 30. Bxg4 Bxg4 31. e3 Rde8 32. Kg2 Bc8 33. Kf3 f5 34. h3 h5 35. Re1 Kf7
36. Rg2 Rg8 37. Ke2 Be6 38. Kd2 Bc8 39. Kc3 Be6 40. Be5 Kg6 41. Kd4 Bc8 42. Rh2 Kf7
43. Bd6 Re6 44. Rg1 b5 45. Be5 a5 46. Bc7 a4 47. Be5 Re7 48. Rf1 Ke6 49. Rg2 Kf7
50. Bd6 Rb7 51. Rb2 Re8 52. Rff2 Rg8 53. Rf1 Re8 54. g4 hxg4 55. hxg4 fxg4 56. f5
Rh8 57. e4 dxe4 58. dxe4 Rh3 59. e5 Rf3  1/2-1/2

[Event "Olomouc Chess Summer 2024 - D2"]
[Site "Olomouc (CZE), Hotel Flora"]
[Date "2024.08.10"]
[Round "1"]
[Board "3"]
[White "Lizner, Milan"]
[Black "Urban, Zdenek"]
[Result "1/2-1/2"]
[WhiteElo "1820"]
[BlackElo "2167"]
[PlyCount "0"]
[EventDate "2024.08.10"]
[EventRounds "9"]
[EventCountry "CZE"]

1. e4 c5 2. Nf3 Nc6 3. c3 d5 4. e5 Bg4 5. Bb5 e6 6. Qa4 Bxf3 7. Bxc6+ bxc6 8. Qxc6+
Ke7 9. Qxc5+ Kd7 10. Qb5+ Kc7 11. Qa5+ Kb7 12. Qb5+ Qb6 13. Qxb6+ axb6 14. gxf3 Ne7
15. d4 Nf5 16. Be3 Be7 17. Nd2 Rhc8 18. Ke2 Ra6 19. Rhg1 h6 20. a3 Bf8 21. Kd3 Ra4
22. Rac1 b5 23. Ke2 Ra6 24. Kd3 Ne7 25. Ra1 Rca8 26. Rac1 Kc6 27. Rb1 Kd7 28. Rbc1
Nf5 29. Rb1 Ra4 30. Rbc1 Rc8 31. Rb1 Be7 32. Ra1 Rca8 33. Rab1 Ke8  1/2-1/2

[Event "Olomouc Chess Summer 2024 - D2"]
[Site "Olomouc (CZE), Hotel Flora"]
[Date "2024.08.10"]
[Round "1"]
[Board "4"]
[White "Sejkora, Vlastimil"]
[Black "Vlkovic, Pavol"]
[Result "1-0"]
[WhiteElo "2112"]
[BlackElo "1817"]
[PlyCount "0"]
[EventDate "2024.08.10"]
[EventRounds "9"]
[EventCountry "CZE"]

1. e4 d6 2. d4 Nf6 3. Bd3 c6 4. c4 e5 5. d5 a5 6. Nc3 Be7 7. h3 O-O 8. Nge2 Na6 9.
Be3 c5 10. O-O Nb4 11. Bb1 Bd7 12. a3 Na6 13. Bc2 Rb8 14. f4 Ne8 15. Qd2 Nac7 16.
a4 Na6 17. Rae1 Qb6 18. Nb5 Nb4 19. Kh2 Nxc2 20. Qxc2 Bxb5 21. cxb5 Qc7 22. b3 b6
23. Qc4 Bf6 24. f5 Qe7 25. Nc1 h5 26. Nd3 Bg5 27. Nb2 Rb7 28. Qe2 h4 29. Nc4 Bxe3
30. Qxe3 Nf6 31. Qf3 Nh7 32. Rg1 Qf6 33. g3 hxg3+ 34. Rxg3 Kh8 35. Reg1 Rg8 36. Qh5
g6 37. Qf3 Rbb8 38. fxg6 Rxg6 39. Qxf6+ Rxf6 40. Nxb6 Rf2+ 41. Kh1 Nf6 42. Nc4 Nxe4
43. Rg4 Rf4 44. Rxf4 exf4 45. Kh2 Re8 46. Rf1 Nc3 47. Rxf4 Re2+ 48. Kg3 Re7 49. Rh4+
Kg7 50. Nxd6 Rd7 51. Ne4 Ne2+ 52. Kf2 Nd4 53. Rg4+ Kf8 54. Rg8+  1-0

[Event "Olomouc Chess Summer 2024 - D2"]
[Site "Olomouc (CZE), Hotel Flora"]
[Date "2024.08.10"]
[Round "1"]
[Board "5"]
[White "Rychlik, Zdenek"]
[Black "Tarakanov, Oleg"]
[Result "0-1"]
[WhiteElo "1815"]
[BlackElo "2108"]
[PlyCount "0"]
[EventDate "2024.08.10"]
[EventRounds "9"]
[EventCountry "CZE"]

1. e4 e5 2. Nf3 Nc6 3. Bc4 Nf6 4. d3 h6 5. c3 Be7 6. O-O O-O 7. Bb3 d6 8. h3 Na5
9. Bc2 c5 10. c4 Nc6 11. a3 Nh7 12. Nc3 f5 13. exf5 Bxf5 14. Nd5 Qd7 15. Ba4 Rae8
16. b4 b6 17. Be3 Bd8 18. Re1 Qc8 19. Nh2 Re6 20. f4 exf4 21. Nxf4 Rxe3 22. Rxe3
Bf6 23. Rg3 Bxa1 24. Qxa1 Nd4 25. Nf3 Nxf3+ 26. Rxf3 Nf6 27. Re3 Kh7 28. Qe1 Ng8
29. Nd5 Bg6 30. Bd1 Qd8 31. Qg3 Re8 32. Kh2 Rxe3 33. Qxe3 Qh4 34. Bf3 Nf6 35. Nf4
Qg5 36. g3 Qe5 37. Qxe5 dxe5 38. Nxg6 Kxg6 39. Kg2 Kf5 40. Bb7 e4 41. Kf2 exd3 42.
Ke3 d2 43. Kxd2 Ne4+ 44. Bxe4+ Kxe4 45. Kc3 Ke3 46. bxc5 bxc5 47. a4 h5 48. g4 hxg4
49. hxg4 g5 50. a5 a6 51. Kc2 Kd4 52. Kd2 Kxc4 53. Kc2 Kb4 54. Kb2 Kxa5  0-1

[Event "Olomouc Chess Summer 2024 - D2"]
[Site "Olomouc (CZE), Hotel Flora"]
[Date "2024.08.10"]
[Round "1"]
[Board "6"]
[White "Kubicek, Antonin"]
[Black "Kasparek, Jiri"]
[Result "1-0"]
[WhiteElo "2084"]
[BlackElo "1798"]
[PlyCount "0"]
[EventDate "2024.08.10"]
[EventRounds "9"]
[EventCountry "CZE"]

1. c4 g6 2. Nc3 Bg7 3. g3 d6 4. Bg2 c6 5. d4 Nd7 6. Nf3 Ngf6 7. O-O O-O 8. b3 e5
9. Ba3 exd4 10. Nxd4 Ne5 11. Nc2 c5 12. Nb5 Bf5 13. Bxb7 Bxc2 14. Qxc2 Rb8 15. Bg2
Qe7 16. Nc3 Rfc8 17. Rad1 a5 18. Qd2 Rd8 19. Bb2 Ne8 20. h3 f6 21. Na4 Qc7 22. Bc3
Nc6 23. Qd5+  1-0

[Event "Olomouc Chess Summer 2024 - D2"]
[Site "Olomouc (CZE), Hotel Flora"]
[Date "2024.08.10"]
[Round "1"]
[Board "7"]
[White "Svoboda, Otakar"]
[Black "Hewson, Brian W R"]
[Result "0-1"]
[WhiteElo "1798"]
[BlackElo "2052"]
[PlyCount "0"]
[EventDate "2024.08.10"]
[EventRounds "9"]
[EventCountry "CZE"]

1. d4 Nf6 2. c4 e6 3. Nc3 d5 4. Nf3 c6 5. Bg5 Nbd7 6. e3 Qa5 7. Bd3 dxc4 8. Bxf6
Nxf6 9. Bxc4 Nd5 10. Qc2 Bb4 11. Rc1 O-O 12. O-O Be7 13. a3 Nxc3 14. Qxc3 Qxc3 15.
Rxc3 Rd8 16. Bb3 Bd7 17. Ne5 Be8 18. h3 Kf8 19. Nd3 a5 20. a4 Ra6 21. Ba2 c5 22.
Nxc5 Bxc5 23. Rxc5 Bxa4 24. Bc4 Rc6 25. b3 Rxc5 26. dxc5 Be8 27. Ra1 a4 28. bxa4
Rc8 29. Bb5 Bxb5 30. axb5 Rxc5 31. Rb1 Ke7 32. b6 Kd6 33. Rd1+ Kc6 34. Rd8 Kxb6 35.
Rd7 Rc1+ 36. Kh2 Rc7 37. Rd8 Kc5 38. Kg3 b5 39. Kf4 b4 40. Ke5 b3 41. Rb8 Kc4 42.
Kd6 Ra7 43. Rc8+ Kd3 44. Kc5 b2 45. Rb8 Kc2  0-1

[Event "Olomouc Chess Summer 2024 - D2"]
[Site "Olomouc (CZE), Hotel Flora"]
[Date "2024.08.10"]
[Round "1"]
[Board "8"]
[White "Fleuren, Jan"]
[Black "Titera, Libor"]
[Result "1-0"]
[WhiteElo "2049"]
[BlackElo "1794"]
[PlyCount "0"]
[EventDate "2024.08.10"]
[EventRounds "9"]
[EventCountry "CZE"]

1. e4 e6 2. Nf3 d5 3. exd5 exd5 4. d4 Nf6 5. c4 Bg4 6. h3 Bh5 7. g4 Bg6 8. Ne5 c6
9. Nc3 Nbd7 10. Nxg6 hxg6 11. cxd5 Nxd5 12. Nxd5 cxd5 13. Qe2+ Qe7 14. Bg2 Nb6 15.
Bd2 Qxe2+ 16. Kxe2 Be7 17. Rac1 O-O 18. Kd3 Rfc8 19. Rxc8+ Rxc8 20. Rc1 Rc6 21. Re1
Kf8 22. b3 Rd6 23. g5 Rd7 24. Rc1 Ba3 25. Re1 Be7 26. a4 Na8 27. h4 f5 28. Re5 Nc7
29. h5 Bd6 30. Re1 gxh5 31. g6 Re7 32. Rh1 Re6 33. Rxh5 Rxg6 34. Rxf5+ Rf6 35. Rxf6+
gxf6 36. Bh3 Kf7 37. Bc8 b6 38. b4 Ne6 39. Bb7 Nc7 40. b5 Ke6 41. Bc8+ Kf7 42. f4
Ke7 43. f5 Kd8 44. Bb7 Kd7 45. Bc6+ Ke7 46. Bh6 Bg3 47. Ke3 Bh2 48. Kd3 Bg3 49. Bd2
Bd6 50. Kc2 Bg3 51. Kd3 Bd6 52. Ke2 Bh2 53. Kf3 Bd6 54. Kg4 Kf7 55. Kh5 Bg3 56. Bb4
Bh2 57. a5 Bf4 58. Kg4 Bh2 59. Kf3 Bg1 60. Bd6 Ne8 61. Bb8 bxa5 62. Bxa7 a4 63. Bc5
a3 64. b6  1-0

[Event "Olomouc Chess Summer 2024 - D2"]
[Site "Olomouc (CZE), Hotel Flora"]
[Date "2024.08.10"]
[Round "1"]
[Board "9"]
[White "Hlousek, Milan"]
[Black "Lorenc, Oldrich"]
[Result "1-0"]
[WhiteElo "1793"]
[BlackElo "2013"]
[PlyCount "0"]
[EventDate "2024.08.10"]
[EventRounds "9"]
[EventCountry "CZE"]

1. e4 c5 2. Nf3 g6 3. d4 cxd4 4. Nxd4 Bg7 5. Be3 Nf6 6. Nc3 d6 7. f3 Nc6 8. Bc4 O-O
9. Qd2 a6 10. O-O-O Na5 11. Be2 b5 12. Bh6 Nc4 13. Bxc4 bxc4 14. Bxg7 Kxg7 15. h4
h5 16. Nd5 Nxd5 17. exd5 Qc7 18. Qc3 Kg8 19. g4 hxg4 20. h5 g5 21. h6 Kh7 22. Rdg1
Qc5 23. Ne6 Qxg1+ 24. Rxg1 Rg8 25. Nd4 e5 26. Nc6 f5 27. fxg4 f4 28. Qxc4 Bd7 29.
Qe4+ Kh8 30. Ne7 Rge8 31. Ng6+ Kg8 32. Rh1  1-0

[Event "Olomouc Chess Summer 2024 - D2"]
[Site "Olomouc (CZE), Hotel Flora"]
[Date "2024.08.10"]
[Round "1"]
[Board "10"]
[White "Kamminga, Rob"]
[Black "Klimes, Jiri"]
[Result "1-0"]
[WhiteElo "1998"]
[BlackElo "1790"]
[PlyCount "0"]
[EventDate "2024.08.10"]
[EventRounds "9"]
[EventCountry "CZE"]

1. e4 e5 2. Nf3 Nc6 3. Bb5 a6 4. Ba4 Nf6 5. O-O b5 6. Bb3 Be7 7. Re1 O-O 8. c3 d6
9. h3 Na5 10. Bc2 c5 11. d4 Qc7 12. Nbd2 Bb7 13. d5 Rac8 14. b3 Rce8 15. Nf1 Bc8
16. Ng3 Nb7 17. Nh2 c4 18. b4 a5 19. a3 a4 20. Qf3 Kh8 21. Nhf1 Ng8 22. Ne3 g6 23.
Ng4 Bxg4 24. hxg4 f6 25. Nf1 Nd8 26. Ne3 Nf7 27. g3 Ng5 28. Qe2 Bd8 29. Kg2 Nf7 30.
Rh1 Kg7 31. Bd2 h6 32. Rh2 Qa7 33. Rah1 Bb6 34. Nf5+ gxf5 35. gxf5 Kh7 36. Qh5 Bxf2
37. Qg6+ Kh8 38. Bxh6  1-0

[Event "Olomouc Chess Summer 2024 - D2"]
[Site "Olomouc (CZE), Hotel Flora"]
[Date "2024.08.10"]
[Round "1"]
[Board "11"]
[White "Reichmann, Pavel"]
[Black "Stancak, Andrej"]
[Result "0-1"]
[WhiteElo "1786"]
[BlackElo "1986"]
[PlyCount "0"]
[EventDate "2024.08.10"]
[EventRounds "9"]
[EventCountry "CZE"]

1. e4 c5 2. c3 d6 3. Nf3 Nf6 4. e5 dxe5 5. Nxe5 Nbd7 6. Nxd7 Bxd7 7. d4 e6 8. Be3
cxd4 9. Qxd4 Be7 10. Nd2 O-O 11. Bc4 b5 12. Bb3 Qc7 13. O-O-O Bc6 14. Bf4 Qb7 15.
f3 a5 16. a3 Rfd8 17. Qf2 b4 18. axb4 axb4 19. c4 Nd7 20. Be3 Ne5 21. Kc2 Nd3 22.
Qe2 Bf6 23. Rb1 Qc7 24. Rhd1 Qe5 25. Ne4 Bxe4 26. fxe4 Nxb2 27. Rxd8+ Rxd8 28. Bd2
Nd3 29. Kd1 Qd4 30. Qe3 Qe5 31. Bc2 Nc5 32. Rxb4 Bg5 33. Qxg5 Qxg5  0-1

[Event "Olomouc Chess Summer 2024 - D2"]
[Site "Olomouc (CZE), Hotel Flora"]
[Date "2024.08.10"]
[Round "1"]
[Board "12"]
[White "Petras, Milan"]
[Black "Filipik, Jaroslav"]
[Result "1-0"]
[WhiteElo "1985"]
[BlackElo "1777"]
[PlyCount "0"]
[EventDate "2024.08.10"]
[EventRounds "9"]
[EventCountry "CZE"]

1. d4 Nf6 2. Nf3 d5 3. Bf4 e6 4. h3 c5 5. e3 Nc6 6. c3 Be7 7. Nbd2 a6 8. Bd3 cxd4
9. exd4 h6 10. O-O Bd6 11. Ne5 Qc7 12. Re1 Bxe5 13. Bxe5 Nxe5 14. Rxe5 Bd7 15. Qe2
Bc6 16. Rf1 Nd7 17. Re3 O-O-O 18. f4 g6 19. Nf3 Rhf8 20. Ne5 Kb8 21. b4 Nxe5 22.
fxe5 Qd7 23. Ref3 Bb5 24. Bxb5 axb5 25. Rf6 Qc8 26. R1f3 Rd7 27. Qxb5 Rc7 28. Qd3
Rc4 29. Kh2 Ka7 30. a4 Qe8 31. Qc2 Qc8 32. Qb3 Ka6 33. Rg3 h5 34. h4 Qc7 35. Rgf3
Qc8 36. Qa3 Ka7 37. b5 Qe8 38. a5 Ka8 39. a6 b6 40. Qd6 Qc8 41. Rxf7  1-0

[Event "Olomouc Chess Summer 2024 - D2"]
[Site "Olomouc (CZE), Hotel Flora"]
[Date "2024.08.10"]
[Round "1"]
[Board "13"]
[White "Zitek, Jiri"]
[Black "Spanton, Tim R"]
[Result "0-1"]
[WhiteElo "1773"]
[BlackElo "1980"]
[PlyCount "0"]
[EventDate "2024.08.10"]
[EventRounds "9"]
[EventCountry "CZE"]

1. e4 e6 2. d4 d5 3. exd5 exd5 4. Bd3 c5 5. Qe2+ Be6 6. Nf3 Nc6 7. c3 c4 8. Bc2 Be7
9. Nbd2 Nf6 10. Nf1 O-O 11. h3 Re8 12. Be3 b5 13. g4 b4 14. Ng3 Qa5 15. O-O bxc3
16. bxc3 Qxc3 17. Ba4 Bd7 18. Rfd1 Rab8 19. Qf1 Qa3 20. Bxc6 Bxc6 21. Ne5 Ba4 22.
Re1 Bb4 23. Re2 Bc3 24. Rc1 Bb2 25. g5 Nd7 26. Nh5 Bxc1 27. Bxc1 Qc3 28. Re3 Qxd4
29. Nxf7 Kxf7 30. Rf3+ Kg8 31. Qg2 Re1+ 32. Kh2 Rxc1 33. Nf6+ Nxf6 34. gxf6 Qe5+
35. Rg3 Qxf6 36. Qxd5+ Qf7 37. Qg5 Bc6  0-1

[Event "Olomouc Chess Summer 2024 - D2"]
[Site "Olomouc (CZE), Hotel Flora"]
[Date "2024.08.10"]
[Round "1"]
[Board "14"]
[White "Mlynek, Petr"]
[Black "Koudelka, Milos"]
[Result "1-0"]
[WhiteElo "1979"]
[BlackElo "1770"]
[PlyCount "0"]
[EventDate "2024.08.10"]
[EventRounds "9"]
[EventCountry "CZE"]

1. d4 Nf6 2. c4 c6 3. Nc3 d5 4. e3 e6 5. Nf3 Be7 6. Bd3 Nbd7 7. O-O O-O 8. e4 dxc4
9. Bxc4 Nb6 10. Bb3 h6 11. Be3 Bb4 12. Qd3 Re8 13. e5 Nfd7 14. Bc2 Nf8 15. Ne4 Nd5
16. Bd2 Bxd2 17. Nfxd2 Nb4 18. Qc3 Nxc2 19. Qxc2 Nh7 20. Nd6 Re7 21. N2e4 Qb6 22.
Rad1 Bd7 23. Rd3 f5 24. Nc5 Bc8 25. Rb3 Qd8 26. Ncxb7 Bxb7 27. Rxb7 Rxb7 28. Nxb7
Qxd4 29. Qxc6 Qxe5 30. Nc5 Rf8 31. Nd7 Qxb2 32. Qxe6+ Rf7 33. Ne5 Ng5 34. Qd5 Qb7
35. Qc4 Qe4 36. Qxe4 Nxe4 37. Nxf7 Kxf7 38. Rc1 Ke6 39. Rc7 g5 40. Rxa7 h5 41. f3
Nc3 42. Kf2 f4 43. Ra5 Kf6 44. Ke1 g4 45. Kd2 gxf3 46. gxf3 Nxa2 47. Rxa2 Kg5 48.
Kd3 Kh4 49. Ke4 Kh3 50. Ra5 h4 51. Rh5  1-0

[Event "Olomouc Chess Summer 2024 - D2"]
[Site "Olomouc (CZE), Hotel Flora"]
[Date "2024.08.10"]
[Round "1"]
[Board "15"]
[White "Bohman, Leif"]
[Black "Ortoft, Kai"]
[Result "0-1"]
[WhiteElo "1770"]
[BlackElo "1968"]
[PlyCount "0"]
[EventDate "2024.08.10"]
[EventRounds "9"]
[EventCountry "CZE"]

1. d4 Nf6 2. Nf3 d6 3. Bf4 Bg4 4. Nbd2 Nbd7 5. h3 Bh5 6. c3 c6 7. Qb3 Qb6 8. e3 Qxb3
9. axb3 e6 10. Bd3 Be7 11. O-O O-O 12. Rfe1 Rfe8 13. Bh2 Bf8 14. e4 a6 15. b4 e5
16. dxe5 Nxe5 17. Nxe5 dxe5 18. Nc4 Nd7 19. g4 Bg6 20. Bc2 f6 21. Rad1 Red8 22. Na5
Rab8 23. Rd2 Be7 24. Red1 Be8 25. Bb3+ Kh8 26. Be6 Nf8 27. Ba2 Rxd2 28. Rxd2 g5 29.
Bc4 b6 30. Nb3 b5 31. Be2 Ne6 32. Bg3 c5 33. bxc5 Nxc5 34. Nxc5 Bxc5 35. Kf1 a5 36.
f3 Kg7 37. Bf2 Bxf2 38. Kxf2 b4 39. c4 a4 40. Ke1 b3 41. Bd3 Bf7 42. Rd1 Rd8 43.
Ke2 Rd4 44. Rc1 Kf8 45. Rc3 Ke7 46. c5 Kd7 47. Bb5+ Kc7 48. Rd3 Bc4 49. Bxc4 Rxc4
 0-1